As 60 músicas mais ouvidas do FutParódias - Statistics

Estatísticas Gerais
  • Esse quiz foi jogado 61 vezes
  • A pontuação média é 27 de 60
Estatísticas das Respostas
Música original % Correto
Despacito
91%
Olha a Explosão
91%
Baile de Favela
84%
O Grave Bater
84%
Ôh Novinha
84%
Old Town Road
81%
Os Muleke é Liso
81%
Abusadamente
79%
Cheia de Marra
79%
TUMBALATUM
79%
Havana
77%
Malandramente
77%
Oh Nanana
77%
Cara Bacana
75%
Cheguei
75%
Sua Amiga eu vou Pegar
75%
Lei Do Retorno
72%
Tô Apaixonado Nessa Mina
72%
Vai Embrazando
72%
Eu, Você, o Mar e Ela
70%
Paradinha
70%
Pra Inveja é Tchau
63%
Deixe-me Ir
60%
Encaixa
54%
Medley da Gaiola
46%
Vamos Beber
40%
Roça Roça 2
39%
New Rules
37%
Quando A Vontade Bater
37%
Troféu do Ano
37%
Agora Vai Sentar
35%
Sentou e Gostou
35%
That' s What I Like
35%
Counting Stars
33%
Irmã Gostosa
33%
Tudo de Bom
33%
Amar, Amei
30%
Fuleragem
28%
Thunder
28%
Natural
26%
Sugar
26%
Rolling In The Deep
23%
BUM BUM TAM TAM
19%
Evoluiu
19%
Rockstar
19%
Cê Acredita
18%
Meu Abrigo
18%
Parado No Bailão
18%
Como Faz Com Ela
16%
Quero Que Tu Vá
16%
Só Quer Vrau
16%
Me Solta
12%
Ritmo Mexicano
12%
Ela é do Tipo
11%
Pega a Receita
9%
Que Mundo é Esse Tão Cruel
9%
Eu Sou a Diva que Você Quer Copiar
7%
Evoque Prata
5%
Novinha Você é Uma Flor
5%
Shymphony
5%
Nenhum quiz correspondente encontrado
Distribuição das Pontuações
Porcentagem de Pessoas com Cada Pontuação
Percentil de Números Respondidos
Sua Pontuação Histórica
Você não jogou esse quiz